Mondhatatlan

Bibliographic Details
Main Author: Kinde, Annamária 1956- (Author)
Format: Article
Language:Hungarian
Slovak
ISSN:1335-6321
Subjects:

MARC

LEADER 00000nab a2200000 ar4500
001 vtls008305137
003 SK-MaSNL
005 20260303073408.0
008 051025c2004 xo |||||||| |000 b|hun
015 |a SNBRB2005/10  |2 snkbucl 
038 |a SNKBUCL 
040 |a DSZK  |b slo  |c DSZK  |e AACR2 
041 0 |a slo 
044 |a xo  |c SK 
080 |a 821.511.141 (498)-1=511.141  |2 UDC-MRF-SK2 
100 1 |a Kinde, Annamária  |d 1956-  |4 aut  |9 546009 
245 1 0 |a Mondhatatlan  |c Kinde Annamária 
650 0 7 |a sonety, maďarské  |2 snkbucl  |9 1073279 
773 0 |t Szőrös kő  |g Évf. 10, sz. 4 (2005), o. 18-21  |x 1335-6321 
852 |a SNK  |b KIS3GCP 
852 |a DSZK  |b KIS3GCP 
958 |a HU 
958 |a RO 
958 |a LX 
999 |c 1767491  |d 1769421